| 000 | 00576nam a2200193Ia 4500 | ||
|---|---|---|---|
| 005 | 20250508151045.0 | ||
| 008 | 008 250505s9999 xx 000 0 eng d | ||
| 037 | _aTextual | ||
| 040 |
_aFEDL _beng _cFEDL |
||
| 041 |
_aeng _2eng |
||
| 084 |
_a157, MAC _qFEDL |
||
| 100 |
_aMackenzie Murdo _9757103 |
||
| 245 | 0 | _aContrast psychology : A concept of the movements of the human spirit | |
| 260 |
_aLondon, UK _bGeorge Allen and Unwin Ltd. _c1952 |
||
| 300 | _a305p. | ||
| 650 | _aAbnormal Psychology | ||
| 942 |
_cTEXL _h157, MAC |
||
| 999 |
_c1327318 _d1327318 |
||